El valor de la vida /
Los valores y el humor. Vida y valores bajo la óptica de Favaloro, Menapace y Landriscina. Espectáculo con la participación de Eduardo Falú, realizado en el Luna Park a beneficio de la Fundación Favaloro. El valor de la vida.
Guardado en:
| Autor Corporativo: | |
|---|---|
| Formato: | |
| Materias: | |
| Etiquetas: |
Agregar Etiqueta
Sin Etiquetas, Sea el primero en etiquetar este registro!
|
| LEADER | 01009ngm a22002655g 4500 | ||
|---|---|---|---|
| 001 | CEM.cems022491 | ||
| 008 | 130507b2000##################0###0#####d | ||
| 005 | 20241105134124.0 | ||
| 245 | 1 | 0 | |a El valor de la vida / |c Fundación Favaloro. |
| 300 | |a 100'. | ||
| 500 | |a En soporte VHS, consultar en ventanilla. | ||
| 538 | |a Soporte: VHS - Norma: Pal N - Color: Si - Grabación DRD 2000 - Hitachi=0000 | ||
| 520 | |a Los valores y el humor. Vida y valores bajo la óptica de Favaloro, Menapace y Landriscina. Espectáculo con la participación de Eduardo Falú, realizado en el Luna Park a beneficio de la Fundación Favaloro. El valor de la vida. | ||
| 110 | 2 | |a Fundación Favaloro. | |
| 082 | 3 | 0 | |/ FAV |
| 653 | |a SOCIEDAD | ||
| 653 | |a VALORES | ||
| 653 | |a VIDA | ||
| 653 | |a FAVALORO | ||
| 653 | |a MENAPACE | ||
| 653 | |a LANDRISCINA | ||
| 653 | |a FUNDACION FAVALORO | ||
| 653 | |a NIVEL PRIMARIO | ||
| 653 | |a NIVEL SECUNDARIO | ||
| 859 | |a CEMS |b BIB. CEMS - Depto. Recursos Didacticos |h 301 |i FAV |k DRD |p 1134.12 |t Ej.1 | ||
